| 000 | 00791nam a22002055i 4500 | ||
|---|---|---|---|
| 001 | 171281 | ||
| 003 | ES-MaACL | ||
| 005 | 20250520195915.0 | ||
| 008 | 090507s1923 fr a | |||| ||fre d | ||
| 080 | _a782.6 | ||
| 100 | 1 |
_aSilvestre, Armand. _9106436 |
|
| 245 | 1 | 0 |
_aGrisélidis _b: conte lyrique en trois actes et un prologue / _cpoème de Armand Silvestre & Eugène Morand ; d'après le mystère représenté a la Comédie-Française ; musique de Massenet. |
| 260 |
_aParis : _bStock, _c1923. |
||
| 300 |
_a66 p. ; _c18 cm. |
||
| 650 | 4 |
_aOperetas- _vLibretos. _9139352 |
|
| 700 | 1 |
_aMorand, Eugène. _983130 |
|
| 700 | 1 |
_aMassenet, Jules, _d1842-1912 _9240595 |
|
| 852 | 4 |
_aES-MaACL _jE-12633 _9R.140208 _z. - Biblioteca Jacinto Martínez Lacalle |
|
| 999 |
_c171281 _d171281 |
||